Innopreneurship Turning Bright Ideas Into Breakthrough Business (Record no. 41218)

MARC details
000 -LEADER
fixed length control field 00431nam a2200145Ia 4500
008 - FIXED-LENGTH DATA ELEMENTS--GENERAL INFORMATION
fixed length control field 240719s9999 xx 000 0 und d
041 ## - LANGUAGE CODE
Language code of text/sound track or separate title eng
082 ## - DEWEY DECIMAL CLASSIFICATION NUMBER
Classification number 658.401 LYN
100 ## - MAIN ENTRY--PERSONAL NAME
Personal name Lynn Gary S.
245 ## - TITLE STATEMENT
Title Innopreneurship Turning Bright Ideas Into Breakthrough Business
260 ## - PUBLICATION, DISTRIBUTION, ETC.
Place of publication, distribution, etc. Chicago
Name of publisher, distributor, etc. Probus Publishing Compan
Date of publication, distribution, etc. 1992
300 ## - PHYSICAL DESCRIPTION
Extent 251.; P. 22 Cm
365 ## - TRADE PRICE
Price amount 26.95
520 ## - SUMMARY, ETC.
Summary, etc. Gifted By : IMT Faculty Dr.senthil kumar
Holdings
Withdrawn status Lost status Damaged status Not for loan Home library Current library Shelving location Date acquired Full call number Barcode Date last seen Price effective from Koha item type Public note
        IMTN IMTN Rack 28-A 05/17/2023 658.401 LYN 32913 07/19/2024 07/19/2024 Books Gifted
Designed & Maintained by: LRC IMT Nagpur Contact: lrc@imtnag.ac.in© 2024. All Rights Reserved.